České právní dějiny v datech

Saved in:
Bibliographic Details
Main Author Schelle, Karel, 1952- (Author)
Format Book
LanguageCzech
Published Brno : Key Publishing s.r.o., 2024
EditionVydání: první
Subjects
ISBN978-80-7418-414-7
Physical Description957 stran ; 25 cm

Cover

LEADER 00000aam a2200000 i 4500
001 115477
003 CZ-ZlUTB
005 20260429082904.0
007 ta
008 251203s2024 xr e 000 0 cze
015 |a cnb003722961 
020 |a 978-80-7418-414-7  |q (vázáno) 
040 |a OLA001  |b cze  |d ABA001  |d ZLD002  |e rda 
043 |a e-xr--- 
072 7 |a 34  |x Právo  |2 Konspekt  |9 16 
080 |a 34(091)  |2 MRF 
080 |a (437.3)  |2 MRF 
080 |a (048.8)  |2 MRF 
100 1 |a Schelle, Karel,  |d 1952-  |7 jn99240001045  |4 aut 
245 1 0 |a České právní dějiny v datech /  |c Karel Schelle 
250 |a Vydání: první 
264 1 |a Brno :  |b Key Publishing s.r.o.,  |c 2024 
300 |a 957 stran ;  |c 25 cm 
336 |a text  |b txt  |2 rdacontent 
337 |a bez média  |b n  |2 rdamedia 
338 |a svazek  |b nc  |2 rdacarrier 
504 |a Obsahuje bibliografii 
650 0 7 |a právní dějiny  |7 ph164957  |z Česko  |2 czenas 
650 0 9 |a history of law  |z Czechia  |2 eczenas 
655 7 |a chronologické přehledy  |7 fd131969  |2 czenas 
655 9 |a chronological surveys  |2 eczenas 
710 2 |a Key Publishing (nakladatelství)  |7 xx0220003  |4 pbl 
910 |a ZLD002 
942 |2 udc 
952 |0 0  |1 0  |4 0  |6 34SCHELLEK  |7 0  |8 BOOK  |9 190724  |a UTBZL  |b UTBZL  |c 005  |d 2026-04-09  |l 0  |o 34/SCHELLE,K.  |p 420010201947  |r 2026-04-09 15:17:21  |v 1690.00  |w 2026-04-09  |x N:nákup  |y 01 
992 |a BK  |b SK 
999 |c 115477  |d 115477